Normal view MARC view
  • Política mundial

Entry Materia

Number of records used in: 35

001 - NÚMERO DE CONTROL DEL REGISTRO

  • campo de control: 12677

003 - IDENTIFICADOR DE NUMERO DE CONTROL

  • campo de control: MX-MxUPN

005 - FECHA Y HORA DE LA ÚLTIMA TRANSACCIÓN

  • campo de control: 20250407121142.0

008 - DATOS DE LONGITUD FIJA

  • campo de control de longitud fija: 250407n| acnnnbabn | ana |d

035 ## - NÚMERO DE CONTROL DEL SISTEMA

  • Número de control del sistema: UPN10000012684

040 ## - FUENTE DE LA CATALOGACIÓN

  • Centro catalogador de origen: MX-MxUPN
  • Lengua de catalogación: spa
  • Agencia de transcripción: MX-MxUPN

150 ## - ENCABEZAMIENTO - TEMÁTICO

  • Término de materia o nombre geográfico como elemento inicial: Política mundial

360 ## - REFERENCIA COMPLEJA DE VÉASE ADEMÁS - MATERIA

  • Texto explicativo: Véase también subdivisiones de
  • Encabezamiento al que se remite: RELACIONES EXTERIORES
  • Texto explicativo: y
  • Encabezamiento al que se remite: POLITICA Y GOBIERNO
  • Texto explicativo: bajo países

670 ## - FUENTE EN LA QUE SE LOCALIZARON DATOS

  • Cita de la fuente: E

680 ## - NOTA GENERAL CON DESPLIEGUE PÚBLICO

  • Texto explicativo: Aquí se asientan los acontecimientos históricos de intercambio internacional. Las obras teóricas se asientan bajo
  • Encabezamiento: RELACIONES INTERNACIONALES.
  • Texto explicativo: Las obras relativas a las relaciones exteriores desde el punto de vista de un estado individual se asientan bajo el nombre del estado con la subdivisión de
  • Encabezamiento: RELACIONES EXTERIORES.
  • Texto explicativo: Ej.:
  • Encabezamiento: ESTADOS UNIDOS - RELACIONES EXTERIORES ; ESTADOS UNIDOS - RELACIONES EXTERIORES - JAPON

902 ## - CATALOGADOR

  • Catalogador: CAA/100996